| 000 | 00758 a2200193 4500 | ||
|---|---|---|---|
| 999 |
_c5063 _d5063 |
||
| 020 | _a9780073310237 | ||
| 050 | _aRC1210 PRE 2008 | ||
| 100 |
_aPrentice, William E. _eauthor |
||
| 245 |
_aEssentials of athletic injury management / _cWilliam E. Prentice |
||
| 250 | _a7th ed. | ||
| 264 |
_aBoston : _bMcGraw-Hill, _cc2008 |
||
| 300 |
_axviii, 627, [25] p. : _bill. ; 25 cm |
||
| 500 | _aRev. ed. of: Essentials of athletic injury management / William E. Prentice, Daniel D. Arnheim. 6th ed. c2005 Includes bibliographical references and index | ||
| 650 | _aSports medicine | ||
| 650 |
_aSports injuries _xPrevention |
||
| 650 | _aPhysical education and training | ||
| 650 |
_aAthletic Injuries _xTherapy |
||
| 942 |
_2lcc _cBK _e7th ed. _h1210 _iPRE _kRC |
||